Music Quiz

Random Music or Bands Quiz

Shared Word: Song Titles III Quiz Stats

Quiz Updated Aug 15, 2016

Challenge
Share
Tweet
Embed
Score 0/30 Timer 08:00
4 Plays Today
Partial Song Titles Missing Word % Correct
'Black &...', '...Submarine', 'Big...Taxi'Yellow
98.7%
'Love at...Sight', 'Feels Like the...Time', '...Time Around'First
96.8%
'...Boy', '...Pie', '...Idiot'American
96.7%
'...Car', 'Too...for Love', 'Life in the...Lane'Fast
96.2%
'...in the Deep', 'Like a...Stone', '...Home'Rolling
96%
'...Your Heart', 'With Arms Wide...', 'Wide...Spaces'Open
94.2%
'...Back', '...By Your Man', '...By Me'Stand
93.6%
'...Burning', 'Sex on...', 'We Didn't Start the...'Fire
93.1%
'Harder,...,Faster,Stronger', 'Nobody Does It...', '...Things'Better
92%
'Run This...', 'Rock This...', 'The Boys are Back in...'Town
91.6%
'...People', '...Skirt/Long Jacket', 'Life's too...'Short
91.3%
'Black...', 'Smoke on the...', 'Madman Across the...'Water
89.6%
'...in Low Places', 'Why Can't We Be...', 'What About Your...'Friends
89%
'A Favor...Atlantic', 'A...is Not a Home', '...of the Rising Sun'House
88.1%
'Runaway...', '...in Vain', 'Last...to Clarksville'Train
87.4%
Partial Song Titles Missing Word % Correct
'...for Nothing', '...Ain't a Thing', 'Mo'...Mo' Problems'Money
84.8%
'...Forgive Me', '...Come to Boston', '...Mr. Postman'Please
80.3%
'You...Thing', 'Do Ya Think I'm...', 'I'm Too...'Sexy
79.7%
'...in the Name of Love', '15...', 'One...Closer'Step
77.5%
'...Jane's Last Dance', 'Proud...', 'The Wind Cries...'Mary
76.5%
'Pretty...', 'Broken...', 'Bullet With Butterfly...'Wings
76.1%
'Big...', 'Running on...', 'Your Heart is an...Room'Empty
74.7%
'Allison...', 'End of the...', 'Bless the Broken...'Road
70.8%
'...Bird', 'I Want to Break...', '...Your Mind'Free
68.9%
'Heart of...', '...Dust Woman', 'Fields of...'Gold
68.6%
'Friend of the...', '...in Disguise', 'Runnin' With the...'Devil
66.4%
'...Now in the Fire', 'No...Till Brooklyn', '...to Dream'Sleep
58.7%
'...in the Rain', 'Everybody Plays the...', '...For Your Loving'Fool
54.9%
'...My Sunshine', '...My Kisses', '...Away'Steal
49.6%
'Strict...', 'Two Beds & a Coffee...', 'Welcome to the...'Machine
18.8%

You're not logged in!

Compare scores with friends on all Sporcle quizzes.
Join for Free
OR
Log In

You Might Also Like...

Show Comments

Extras

Top Quizzes Today


Score Distribution

Your Account Isn't Verified!

In order to create a playlist on Sporcle, you need to verify the email address you used during registration. Go to your Sporcle Settings to finish the process.

Report this User

Report this user for behavior that violates our Community Guidelines.

Details: